000 00753nmc a2200289 a 4500
003 AR-BaBNM
005 20251128202838.0
008 158019s1959 ||||||||||||||000 | spa||
040 _cAR-BaBNM
100 1 _aLarreta, Enrique
245 1 0 _aObras completas
_n1
250 _a1ª ed.
260 _aBuenos Aires
_bEdiciones Antonio Zamora
_c1959
300 _a635 p.
_bláms.
490 0 _aArgentoria
_vv. 12
650 4 _aLITERATURA ARGENTINA
650 4 _aESCRITORES
650 4 _aTEATRO
653 _aNOVELA HISTORICA
653 _aMODERNISMO
653 _aINFLUENCIA CLASICA
655 _aLITERATURA
700 1 _aGandía, Enrique de
_eprologuista
700 1 _aBerenguer Carisomo, Arturo
_eprologuista
942 _cBK
998 _cMARTIN
999 _c857
_d857